000 00661nam a2200193 a 4500
001 1539069
005 20240226003824.0
008 910627s1989 ce b 000 0 eng
020 _a9555990204 :
040 _aDLC
_cDLC
_dDLC
082 0 0 _a954.93
_220
_bVIC.
100 1 _aIvan, Victor.
245 1 0 _aSri Lanka in crisis :
_broad to conflict /
_cVictor Ivan.
260 _aRatmalana, Sri Lanka :
_bSarvodaya Book Pub. Services,
_c1989.
300 _axiv, 94 p. ;
500 _aTranslation of: Arbudayē gaman maṅga.
500 _aChiefly contemporary political events; includes an account of the economic conditions covering the period 1948-1988.
942 _cL
999 _c481
_d481